000 01172cam a22003017a 4500
003 OSt
005 20170830142533.0
008 170830e2017----spc|||| |||| 00| 0 spa|d
017 _aDL B 4924-2017
_bBiblioteca de Catalunya
020 _a9788499927527
040 _bcat
_cCDMR
100 1 _aSoto Ivars, Juan,
_d1985-
245 1 0 _aArden las redes
_b: la poscensura y el nuevo mundo virtual /
_cJuan Soto Ivars
250 _aPrimera edición
260 _aBarcelona :
_bDebate,
_c2017
300 _a285 pàgines ;
_c23 cm
500 _aReimpressions: 2017
504 _aNotes. Referències bibliogràfiques
650 7 _aControl social
_xAspectes ètics i morals
_2lemac
650 7 _aCensura
_xAspectes ètics i morals
_2lemac
650 7 _aBoicots
_xAspectes ètics i morals
_2lemac
650 7 _aXarxes socials en línia
_xAspectes ètics i morals
_2lemac
650 7 _aXarxes socials en línia
_xDret i legislació
_2lemac
650 7 _aXarxes socials en línia
_xOpinió pública
_2lemac
650 7 _aLlibertat d'expressió
_xAspectes ètics i morals
_2lemac
650 7 _aActivistes polítics
_xXarxes socials
_xAspectes ètics i morals
_2lemac
942 _cMON
_2udc
999 _c7060
_d7060